Sống đẹp giữa dòng đời

Tallennettuna:
Bibliografiset tiedot
Päätekijä: Nguyên Minh
Aineistotyyppi: Kirja
Kieli:Undetermined
Julkaistu: H. Phụ Nữ 2004
Aiheet:
Tagit: Lisää tagi
Ei tageja, Lisää ensimmäinen tagi!
Thư viện lưu trữ: Trung tâm Học liệu Trường Đại học Cần Thơ
LEADER 00505nam a2200193Ia 4500
001 CTU_58925
008 210402s9999 xx 000 0 und d
020 |b 24000 
082 |a 646.7 
082 |b Ng527 
100 |a Nguyên Minh 
245 0 |a Sống đẹp giữa dòng đời 
245 0 |c Nguyên Minh 
260 |a H. 
260 |b Phụ Nữ 
260 |c 2004 
650 |a quality of life,conduct of life 
904 |i Minh 
980 |a Trung tâm Học liệu Trường Đại học Cần Thơ